Energie, Umwelt und Zusammenarbeit in Europa (Record no. 2023)

MARC details
000 -LEADER
fixed length control field 00534nam a22001937i 4500
001 - CONTROL NUMBER
control field 2044
003 - CONTROL NUMBER IDENTIFIER
control field OSt
005 - DATE AND TIME OF LATEST TRANSACTION
control field 20170126082302.0
007 - PHYSICAL DESCRIPTION FIXED FIELD--GENERAL INFORMATION
fixed length control field tu
008 - FIXED-LENGTH DATA ELEMENTS--GENERAL INFORMATION
fixed length control field 161220s1987 xxu||||| |||| 00| 0 d
024 7# - OTHER STANDARD IDENTIFIER
Standard number or code 2043
Source of number or code RID
040 ## - CATALOGING SOURCE
Transcribing agency OSt
100 1# - MAIN ENTRY--PERSONAL NAME
Personal name Dietz, Raimund
245 00 - TITLE STATEMENT
Title Energie, Umwelt und Zusammenarbeit in Europa
260 ## - PUBLICATION, DISTRIBUTION, ETC.
Place of publication, distribution, etc. Wien :
Name of publisher, distributor, etc. Wiener Institut für Internationale Wirtschaftsvergleiche (WIIW),
Date of publication, distribution, etc. 1987.
300 ## - PHYSICAL DESCRIPTION
Extent 221 S. ;
Dimensions 21cm.
490 ## - SERIES STATEMENT
Series statement Studien über Wirtschafts- und Systemvergleiche
Volume/sequential designation 14
700 1# - ADDED ENTRY--PERSONAL NAME
Personal name Mack, K.
942 ## - ADDED ENTRY ELEMENTS (KOHA)
Koha item type Book
Holdings
Withdrawn status Lost status Damaged status Not for loan Home library Current library Shelving location Date acquired Inventory number Total Checkouts Full call number Barcode Date last seen Price effective from Koha item type
        WIIW WIIW Library 03/23/1995 2044   I-2.741/14 302042 01/26/2017 01/26/2017 Book
The Vienna Instiute for International Economic Studies (wiiw)